Statystyki dla Mega Quiz geograficzny (Państwa Afryki)

Kliknij tutaj aby rozwiązać quiz!

Ogólne statystyki

  • Ten quiz został rozwiązany 23 razy
  • Średni wynik to 42 z 54

Statystyki odpowiedzi

AfrykaPaństwo% Poprawnych
7Czad
100%
1Algieria
95%
10Egipt
95%
30Maroko
95%
2Angola
90%
27Madagaskar
90%
35Niger
90%
37Republika Południowej Afryki
90%
8Demokratyczna Republika Konga
85%
13Etiopia
85%
17Gwinea
85%
19Gwinea Równikowa
85%
21Kenia
85%
23Kongo
85%
24Lesotho
85%
36Nigeria
85%
40Rwanda
85%
45Sudan
85%
46Sudan Południowy
85%
53Zambia
85%
54Zimbabwe
85%
9Dżibuti
80%
11Erytrea
80%
18Gwinea Bissau
80%
25Liberia
80%
26Libia
80%
29Mali
80%
31Mauretania
80%
32Mauritius
80%
42Seszele
80%
49Tunezja
80%
50Uganda
80%
51Wybrzeże Kości Słoniowej
80%
3Benin
75%
5Burkina Faso
75%
14Gabon
75%
38Republika Środkowoafrykańska
75%
39Republika Zielonego Przylądka
75%
44Somalia
75%
48Togo
75%
4Botswana
70%
15Gambia
70%
16Ghana
70%
41Senegal
70%
6Burundi
65%
12Eswatini
65%
33Mozambik
65%
43Sierra Leone
65%
52Wyspy Świętego Tomasza i Książęca
65%
20Kamerun
60%
28Malawi
60%
47Tanzania
60%
22Komory
50%
34Namibia
50%

Rozkład punktacji

Percentyl według liczby udzielonych odpowiedzi

Procent ludzi z każdym wynikiem

Twoja historia wyników

Nie rozwiązałeś tego quizu